00442nam a2200121Ia 4500008004100000245007800041245002000119260000900139650002900148856005100177999001900228952007300247171204s9999 xx 000 0 und d aFinancial Analytics with R: Building a Laptop Laboratory for Data Science cMark J. Bennett c2016 xFINANCIAL MANAGEMENT 1-2 uhttp://down.ebook777.com/042/9781107150751.pdf c346954d346954 001040aCLbCLd2017-12-04l0r2017-12-04 00:00:00w2017-12-04yCBE